Cliquea en el mes - Estadísticas

Estadísticas generales
  • Esta prueba ha sido intentada 59 veces
  • La puntuación promedio es 8 de 24
Estadísticas de respuestas
Hint Respuesta % Correcto
Cuando llega la Navidad 12. Diciembre
79%
Añadir nesa al final, y se convierte en una salsa 5. Mayo
68%
Mes más habitual para celebrar la Pascua 4. Abril
60%
Una persona nacida en este mes puede ser Leo o Virgo. 8. Agosto
45%
Su nombre procede del latín y significa "octavo mes". 10. Octubre
40%
Cuándo se celebra la Navidad en Rusia 1. Enero
40%
Mes más habitual del Año Nuevo chino 1. Febrero
40%
Contiene el día más largo del año en el hemisferio norte 6. Junio
38%
Cuando Julio César murió 3. Marzo
34%
Puebla, México, celebra el 5 de este mes 5. Mayo
34%
Cuando se celebra el Día de la Bastilla 7. Julio
34%
Llamado así por el dios romano de la guerra 3. Marzo
32%
Cuando los Aliados invadieron Normandía en 1944 6. Junio
26%
El único mes que nunca tiene luna azul 1. Febrero
25%
El primer día del Día de los Muertos 10. Octubre
23%
Cuando se declaró el armisticio en la Primera Guerra Mundial 11. Noviembre
23%
Janucá es principalmente en este mes 12. Diciembre
23%
Cuando se celebra el Día de la Tierra 4. Abril
23%
De media, el mes más frío en Australia 7. Julio
21%
¿Recuerdas la noche del 21 de este mes? 9. Septiembre
21%
Palabra que significa "grande y digno" 8. Agosto
19%
La Revolución Mexicana comenzó este mes 11. Noviembre
9%
Llamado así por el dios romano de las transiciones 1. Enero
9%
Cuando empieza el Oktoberfest 9. Septiembre
9%
No se encontraron pruebas coincidentes
Distribución de puntuación
Porcentaje de gente con cada puntuación
Porcentaje por número respondido
Historial de tus puntuaciones
No has intentado esta prueba.